Variational methods in optimization (Record no. 9694)

000 -LEADER
fixed length control field 00512nam a2200193 4500
001 - CONTROL NUMBER
control field 9694
003 - CONTROL NUMBER IDENTIFIER
control field BD-DhUET
008 - FIXED-LENGTH DATA ELEMENTS--GENERAL INFORMATION
fixed length control field 150201b xxu||||| |||| 00| 0 eng d
020 ## - INTERNATIONAL STANDARD BOOK NUMBER
International Standard Book Number 0139406271
040 ## - CATALOGING SOURCE
Original cataloging agency DLC
Transcribing agency DLC
Modifying agency BD-DhUET
082 ## - DEWEY DECIMAL CLASSIFICATION NUMBER
Classification number 517.5
Item number SMI/1974
100 ## - MAIN ENTRY--PERSONAL NAME
Personal name Smith, Donald R.
245 ## - TITLE STATEMENT
Title Variational methods in optimization
250 ## - EDITION STATEMENT
Edition statement 1st ed.
260 ## - PUBLICATION, DISTRIBUTION, ETC. (IMPRINT)
Place of publication, distribution, etc. Englewood Cliffs
Name of publisher, distributor, etc. Prentice Hall
Date of publication, distribution, etc. 1974
300 ## - PHYSICAL DESCRIPTION
Extent xv, 375 p.
Other physical details ill.
Dimensions 23 cm.
650 #0 - SUBJECT ADDED ENTRY--TOPICAL TERM
Topical term or geographic name as entry element Mathematical optimization
942 ## - ADDED ENTRY ELEMENTS (KOHA)
Koha item type General Book
Holdings
Koha date last seen Lost status Koha full call number Shelving location Withdrawn status Sublocation or collection (holding branch) Location (home branch) Price effective from Koha normalized classification for sorting Copy number Date acquired Damaged status Not for loan Source of classification or shelving scheme Koha item type Piece designation (barcode)
2015-02-01 517.5/SMI/1974Circulation section Central Library, BUETCentral Library, BUET2015-02-01517_500000000000000_SMI_197412015-02-01   General Book44877
2015-02-01 517.5/SMI/1974Circulation section Central Library, BUETCentral Library, BUET2015-02-01517_500000000000000_SMI_197422015-02-01   General Book44876